| 000 | 00806nam a2200265Ia 4500 | ||
|---|---|---|---|
| 003 | OSt | ||
| 005 | 20221005092700.0 | ||
| 006 | a|||||r|||| 00| 0 | ||
| 007 | ta | ||
| 008 | 221004b |||||||| |||| 00| 0 eng d | ||
| 020 |
_a9788184770148 (pbk) _cIndian Rupees 195 |
||
| 024 | _a70169 | ||
| 037 |
_bGift, 22/11/2021, _cTextual |
||
| 040 |
_aCRL _cCRL _beng |
||
| 041 |
_2eng _aeng |
||
| 082 | _aO111,3(Y11)x, P8 | ||
| 100 |
_aDubey Scharada Au. _9617635 |
||
| 245 | 0 |
_aBest days of my life _b childghood stories of famous people |
|
| 260 |
_aNew York _bScholastic USA _c2008 |
||
| 300 |
_a208p. _ccm. |
||
| 650 | _a ENGLISH LITERATURE | ||
| 650 | _aENGLISH FICTION | ||
| 942 |
_hO111,3(Y11)x, P8 _cTEXL _2cc |
||
| 999 |
_c999201 _d999201 |
||